=LDR 00000nam 2200000 4500 =001 INLIS000000000037935 =005 20130612143635 =008 ***********************************Ind** =035 ##$$0010-061300000037935 =041 ##$$a Ind =082 ##$$a 364.13 =090 ##$$a 364.13, Gra d =100 ##$$a Gray, Jerry D =245 ##$$a Deaddly mist, upaya amerika merusak kesehatan manusia, Jerry D Gray =260 ##$$a 2004 $b jakarta =300 ##$$a 299 hlm, ilus, 21 cm =650 ##$$a Kejahatan politik =850 ##$$a NBPNMAT =990 ##$$a 0001/BPAP-NTB/2016